Amanat Perdana
| Format: | Book |
|---|---|
| Published: |
Kuala Lumpur: Institut Tadbiran Awam Negara (INTAN), 1990.
|
| Subjects: |
MARC
| LEADER | 00000cam a2200000 7i4500 | ||
|---|---|---|---|
| 001 | 0000003183 | ||
| 005 | 20050309.0 | ||
| 090 | 0 | 0 | |a 808.85 |b AMA |
| 245 | 0 | 0 | |a Amanat Perdana |
| 260 | 0 | 0 | |a Kuala Lumpur: Institut Tadbiran Awam Negara (INTAN), 1990. |
| 300 | |a 88 p. | ||
| 650 | 0 | 0 | |a Speeches and speech writing |
| 999 | |a 0000002180 |b Monograph |c Open Shelf |e Default branch | ||